[Event "GBR-ch89"]
[Site "Torquay"]
[Date "2002.08.01"]
[Round "4"]
[White "Summerscale, Aaron"]
[Black "Thipsay, Bagyashree"]
[Result "1-0"]
[WhiteElo "2509"]
[BlackElo "2264"]
[PlyCount "97"]
[EventDate "2002.07.29"]
[EventType "swiss"]
[EventRounds "11"]
[EventCountry "GBR"]
[SourceTitle "BritBase"]
[Source "John Saunders"]
[SourceDate "2008.07.14"]
[SourceVersion "1"]
[SourceVersionDate "2008.07.14"]
[SourceQuality "2"]

1. Nf3 d5 2. d4 c6 3. c4 Nf6 4. Qc2 e6 5. e3 Bd6 6. Nc3 Nbd7 7. g4 h6 8. Rg1
Nf8 9. Bd2 Qe7 10. h4 h5 11. g5 N6d7 12. O-O-O Ng6 13. Bd3 Ndf8 14. e4 dxc4 15.
Bxc4 e5 16. dxe5 Nxe5 17. Nxe5 Bxe5 18. f4 Bd4 19. Rg3 Bg4 20. Be2 O-O-O 21.
Bxg4+ hxg4 22. Rxg4 Ng6 23. Rh1 Qd7 24. Qd1 Bxc3 25. Bxc3 Qe6 26. Qf3 Qxa2 27.
Rhg1 Rxh4 28. Rxh4 Nxh4 29. Qg4+ Kb8 30. Re1 Ng6 31. f5 Ne7 32. Qg3+ Kc8 33.
Bxg7 Qa1+ 34. Kc2 Qa4+ 35. b3 Qb5 36. Qc3 Rd7 37. Bf6 Ng8 38. Bg7 Ne7 39. Bf6
Ng8 40. Bg7 Ne7 41. Qc4 Qb6 42. Bc3 Qf2+ 43. Qe2 Qg3 44. g6 fxg6 45. f6 Ng8 46.
e5 Rh7 47. e6 Nxf6 48. Bxf6 Rh3 49. e7 1-0

[Event "GBR-ch89"]
[Site "Torquay"]
[Date "2002.08.01"]
[Round "4"]
[White "Tan, Desmond"]
[Black "Lalic, Bogdan"]
[Result "1/2-1/2"]
[WhiteElo "2292"]
[BlackElo "2540"]
[PlyCount "26"]
[EventDate "2002.07.29"]
[EventType "swiss"]
[EventRounds "11"]
[EventCountry "GBR"]
[SourceTitle "BritBase"]
[Source "John Saunders"]
[SourceDate "2008.07.14"]
[SourceVersion "1"]
[SourceVersionDate "2008.07.14"]
[SourceQuality "2"]

1. e4 c5 2. Nf3 d6 3. d4 cxd4 4. Nxd4 Nf6 5. Nc3 Nc6 6. Bc4 e5 7. Nde2 Be6 8.
Bb3 Be7 9. Bg5 O-O 10. O-O Ng4 11. Bc1 Nf6 12. Bg5 Ng4 13. Bc1 Nf6 1/2-1/2

[Event "GBR-ch89"]
[Site "Torquay"]
[Date "2002.08.01"]
[Round "4"]
[White "Taylor, Robert M"]
[Black "Willmoth, Robert"]
[Result "0-1"]
[WhiteElo "2195"]
[BlackElo "2198"]
[PlyCount "58"]
[EventDate "2002.07.29"]
[EventType "swiss"]
[EventRounds "11"]
[EventCountry "GBR"]
[SourceTitle "BritBase"]
[Source "John Saunders"]
[SourceDate "2008.07.14"]
[SourceVersion "1"]
[SourceVersionDate "2008.07.14"]
[SourceQuality "2"]

1. e4 c5 2. Nc3 Nc6 3. f4 g6 4. Nf3 Bg7 5. Bb5 Nd4 6. O-O a6 7. Bd3 d6 8. Nxd4
cxd4 9. Ne2 Nf6 10. c3 dxc3 11. bxc3 O-O 12. Rb1 Qa5 13. a4 Bd7 14. Bc2 Bc6 15.
d3 Rac8 16. Be3 Nd7 17. Rf3 d5 18. Rh3 dxe4 19. dxe4 Nc5 20. e5 Nxa4 21. Qe1 e6
22. Qh4 h5 23. Bd4 Qd5 24. Qf2 b5 25. Ng3 Bb7 26. Ne4 Rfd8 27. Qg3 Qa2 28. Nf6+
Bxf6 29. Bxg6 Bg7 0-1

[Event "GBR-ch89"]
[Site "Torquay"]
[Date "2002.08.01"]
[Round "4"]
[White "Turner, Matthew J"]
[Black "Richards, Heather"]
[Result "1-0"]
[WhiteElo "2519"]
[BlackElo "2275"]
[PlyCount "131"]
[EventDate "2002.07.29"]
[EventType "swiss"]
[EventRounds "11"]
[EventCountry "GBR"]
[SourceTitle "BritBase"]
[Source "John Saunders"]
[SourceDate "2008.07.14"]
[SourceVersion "1"]
[SourceVersionDate "2008.07.14"]
[SourceQuality "2"]

1. e4 e6 2. d4 d5 3. Nd2 Be7 4. Ngf3 c5 5. exd5 exd5 6. dxc5 Bxc5 7. Bb5+ Nc6
8. O-O Nge7 9. Nb3 Bb6 10. c4 dxc4 11. Qxd8+ Bxd8 12. Bxc4 Bb6 13. Bf4 O-O 14.
Rfe1 Bg4 15. Ng5 Bh5 16. Bd6 Rfe8 17. Nc5 Nf5 18. Rxe8+ Rxe8 19. Nxb7 Na5 20.
Bb5 Nxb7 21. Bxe8 Nbxd6 22. Bd7 h6 23. Nh3 g5 24. b4 Bg4 25. a4 Ne4 26. a5 Bd4
27. Ra2 Nc3 28. Rd2 Be5 29. b5 Bxh3 30. b6 a6 31. b7 Nd4 32. Bxh3 Nc6 33. g3
Kf8 34. Bf1 Ke7 35. Bxa6 Nxa5 36. Kg2 g4 37. h3 h5 38. Bb5 f6 39. Rd7+ Ke6 40.
Rd8 Nxb7 41. Bc4+ Ke7 42. Rh8 Na5 43. Bd3 gxh3+ 44. Kxh3 Kd6 45. f4 Bd4 46.
Rxh5 Nc6 47. Kg4 Nd5 48. Kf3 Nc3 49. Bc4 Bb6 50. g4 Nd4+ 51. Kg2 Nce2 52. Bxe2
Nxe2 53. Kf3 Nc3 54. Rh6 Bd4 55. g5 Ke6 56. Kg4 Nd5 57. f5+ Ke5 58. g6 Ne3+ 59.
Kf3 Nxf5 60. Rh5 Ke6 61. Rxf5 Ke7 62. Kf4 Bb2 63. Rb5 Ba1 64. Rb8 Bc3 65. Kf5
Bd4 66. g7 1-0

[Event "GBR-ch89"]
[Site "Torquay"]
[Date "2002.08.01"]
[Round "4"]
[White "Wheeler, John F"]
[Black "Ramesh, RB"]
[Result "0-1"]
[WhiteElo "2235"]
[BlackElo "2456"]
[PlyCount "64"]
[EventDate "2002.07.29"]
[EventType "swiss"]
[EventRounds "11"]
[EventCountry "GBR"]
[SourceTitle "BritBase"]
[Source "John Saunders"]
[SourceDate "2008.07.14"]
[SourceVersion "1"]
[SourceVersionDate "2008.07.14"]
[SourceQuality "2"]

1. d4 Nf6 2. c4 e6 3. Nf3 d5 4. Nc3 c6 5. Bg5 h6 6. Bxf6 Qxf6 7. e3 Nd7 8. Bd3
dxc4 9. Bxc4 g6 10. O-O Qe7 11. e4 Bg7 12. Qc2 O-O 13. Rfe1 b5 14. Bf1 Bb7 15.
a3 a5 16. Rab1 a4 17. d5 Rfc8 18. dxe6 Qxe6 19. Rbd1 Nf8 20. e5 b4 21. Nxa4 c5
22. Rd6 Qg4 23. Be2 b3 24. Qxb3 Bxf3 25. Bxf3 Qxa4 26. Qd3 Rab8 27. Re2 Ne6 28.
Qd2 Nd4 29. Re3 Qc2 30. Qxc2 Nxc2 31. Re2 Nd4 32. Re3 Nf5 0-1

[Event "GBR-ch89"]
[Site "Torquay"]
[Date "2002.08.01"]
[Round "4"]
[White "White, Ian G"]
[Black "Taylor, Peter P"]
[Result "0-1"]
[WhiteElo "2015"]
[BlackElo "2224"]
[PlyCount "120"]
[EventDate "2002.07.29"]
[EventType "swiss"]
[EventRounds "11"]
[EventCountry "GBR"]
[SourceTitle "BritBase"]
[Source "John Saunders"]
[SourceDate "2008.07.14"]
[SourceVersion "1"]
[SourceVersionDate "2008.07.14"]
[SourceQuality "2"]

1. e4 c6 2. d4 d5 3. exd5 cxd5 4. c4 Nf6 5. Nc3 e6 6. Nf3 Bb4 7. cxd5 Nxd5 8.
Bd2 Nc6 9. Bd3 Nf6 10. O-O O-O 11. a3 Be7 12. Bf4 b6 13. Be5 Bb7 14. Qe2 g6 15.
Rac1 Rc8 16. Rfd1 Nh5 17. h3 Nxe5 18. dxe5 Nf4 19. Qf1 Nxh3+ 20. gxh3 Bxf3 21.
Be2 Bxe2 22. Qxe2 Qc7 23. Nd5 Qb7 24. Nxe7+ Qxe7 25. Qd2 Qh4 26. Rxc8 Rxc8 27.
Qe3 Rd8 28. Rxd8+ Qxd8 29. Qf3 Qg5+ 30. Kf1 Qxe5 31. b4 Kg7 32. Qd3 Qd5 33. Qa6
Qd7 34. Qe2 Qc7 35. Qa6 e5 36. Qa4 Qc4+ 37. Kg2 a5 38. Qe8 Qd5+ 39. Kg1 axb4
40. axb4 b5 41. Qe7 e4 42. h4 h6 43. Kf1 Qd1+ 44. Kg2 Qf3+ 45. Kg1 Qg4+ 46. Kf1
Qd1+ 47. Kg2 Qf3+ 48. Kg1 Qf4 49. Qc5 Qf5 50. Qd4+ Kh7 51. Kf1 Qh3+ 52. Ke1
Qxh4 53. Qd7 Qh1+ 54. Kd2 Qf3 55. Qxb5 Qxf2+ 56. Kd1 Qd4+ 57. Ke2 e3 58. Kf3
Qd2 59. Qc5 e2 60. Qe7 e1=N+ 0-1

[Event "GBR-ch89"]
[Site "Torquay"]
[Date "2002.08.01"]
[Round "4"]
[White "Wu, Li"]
[Black "Thomas, Nicholas"]
[Result "1/2-1/2"]
[WhiteElo "2142"]
[BlackElo "2248"]
[PlyCount "52"]
[EventDate "2002.07.29"]
[EventType "swiss"]
[EventRounds "11"]
[EventCountry "GBR"]
[SourceTitle "BritBase"]
[Source "John Saunders"]
[SourceDate "2008.07.14"]
[SourceVersion "1"]
[SourceVersionDate "2008.07.14"]
[SourceQuality "2"]

1. d4 e6 2. c4 f5 3. g3 Nf6 4. Bg2 Be7 5. Nc3 O-O 6. Nf3 d6 7. O-O Ne4 8. Qc2
Nxc3 9. Qxc3 a5 10. b3 Nc6 11. Bb2 Bf6 12. Qc2 e5 13. dxe5 dxe5 14. Rad1 Qe8
15. a3 Qh5 16. Nd2 e4 17. Nb1 Be6 18. Bxf6 Rxf6 19. Rfe1 a4 20. b4 Ne5 21. Nd2
e3 22. fxe3 Ng4 23. Nf1 Rh6 24. h3 Ne5 25. Rd4 c6 26. Red1 Qg5 1/2-1/2

[Event "GBR-ch89"]
[Site "Torquay"]
[Date "2002.08.02"]
[Round "5"]
[White "Ashton, Adam"]
[Black "Mason, Don"]
[Result "1/2-1/2"]
[WhiteElo "2152"]
[BlackElo "2266"]
[PlyCount "27"]
[EventDate "2002.07.29"]
[EventType "swiss"]
[EventRounds "11"]
[EventCountry "GBR"]
[SourceTitle "BritBase"]
[Source "John Saunders"]
[SourceDate "2008.07.14"]
[SourceVersion "1"]
[SourceVersionDate "2008.07.14"]
[SourceQuality "2"]

1. b3 Nf6 2. Bb2 d6 3. g3 e5 4. Bg2 g6 5. c4 Bg7 6. Nf3 O-O 7. O-O Nbd7 8. Nc3
Ng4 9. d4 f5 10. dxe5 dxe5 11. e4 f4 12. Qe2 c6 13. Rad1 Qe7 14. Nb1 1/2-1/2

[Event "GBR-ch89"]
[Site "Torquay"]
[Date "2002.08.02"]
[Round "5"]
[White "Bigg, Andrew J"]
[Black "Gregory, Stephen J"]
[Result "1-0"]
[WhiteElo "2248"]
[BlackElo "2173"]
[PlyCount "109"]
[EventDate "2002.07.29"]
[EventType "swiss"]
[EventRounds "11"]
[EventCountry "GBR"]
[SourceTitle "BritBase"]
[Source "John Saunders"]
[SourceDate "2008.07.14"]
[SourceVersion "1"]
[SourceVersionDate "2008.07.14"]
[SourceQuality "2"]

1. d4 Nf6 2. Bg5 Nc6 3. Nf3 Ne4 4. d5 Nxg5 5. Nxg5 e6 6. h4 Ne5 7. Nc3 Be7 8.
Qd2 h6 9. Nf3 Nxf3+ 10. exf3 Bxh4 11. Nb5 O-O 12. O-O-O c6 13. Nc7 Qxc7 14.
Rxh4 exd5 15. Bd3 Qe5 16. f4 Qf6 17. Rdh1 d6 18. f5 Bxf5 19. Rf4 Qg5 20. Bxf5
Rfe8 21. Rg4 Qxd2+ 22. Kxd2 Re5 23. Bd3 Kf8 24. f4 Re7 25. Re1 Rae8 26. Rxe7
Rxe7 27. c3 a6 28. f5 f6 29. a4 b5 30. Rf4 Rb7 31. axb5 axb5 32. Rf1 b4 33. Re1
bxc3+ 34. Kxc3 Kf7 35. Re6 Rd7 36. g4 g6 37. Kd4 gxf5 38. gxf5 h5 39. Be2 h4
40. Bh5+ Kg7 41. Be8 Rb7 42. Bxc6 Rxb2 43. Bxd5 h3 44. Re3 Rd2+ 45. Ke4 h2 46.
Rh3 Kf8 47. Be6 Ke7 48. Rh7+ Kd8 49. Kf3 d5 50. Ke3 Rd1 51. Rxh2 Kc7 52. Rd2
Re1+ 53. Kf2 Re5 54. Rxd5 Re4 55. Rd7+ 1-0

[Event "GBR-ch89"]
[Site "Torquay"]
[Date "2002.08.02"]
[Round "5"]
[White "Buckley, Simon T"]
[Black "Lane, Gary W"]
[Result "0-1"]
[WhiteElo "2237"]
[BlackElo "2446"]
[PlyCount "62"]
[EventDate "2002.07.29"]
[EventType "swiss"]
[EventRounds "11"]
[EventCountry "GBR"]
[SourceTitle "BritBase"]
[Source "John Saunders"]
[SourceDate "2008.07.14"]
[SourceVersion "1"]
[SourceVersionDate "2008.07.14"]
[SourceQuality "2"]

1. d4 Nf6 2. Bg5 e6 3. e4 h6 4. Bxf6 Qxf6 5. c3 d6 6. Bd3 g6 7. Ne2 Bg7 8. O-O
O-O 9. f4 Qe7 10. Qe1 Nd7 11. Qg3 e5 12. Nd2 Nf6 13. Rae1 c5 14. dxe5 dxe5 15.
f5 Rd8 16. Nc1 b5 17. fxg6 fxg6 18. Qxg6 c4 19. Nxc4 bxc4 20. Bxc4+ Kh8 21. Bd5
Rb8 22. Nd3 Rb6 23. Qg3 Nh5 24. Qf3 Nf4 25. Nxf4 exf4 26. e5 Qc5+ 27. Kh1 Qxd5
28. Rd1 Qg8 29. Qxf4 Rxb2 30. Qh4 Rxd1 31. Rxd1 Bb7 0-1

[Event "GBR-ch89"]
[Site "Torquay"]
[Date "2002.08.02"]
[Round "5"]
[White "Collins, Sam IRL"]
[Black "Flear, Glenn"]
[Result "1/2-1/2"]
[WhiteElo "2313"]
[BlackElo "2538"]
[PlyCount "100"]
[EventDate "2002.07.29"]
[EventType "swiss"]
[EventRounds "11"]
[EventCountry "GBR"]
[SourceTitle "BritBase"]
[Source "John Saunders"]
[SourceDate "2008.07.14"]
[SourceVersion "1"]
[SourceVersionDate "2008.07.14"]
[SourceQuality "2"]

1. e4 e5 2. Nf3 Nc6 3. d4 exd4 4. Nxd4 Bc5 5. Nxc6 Qf6 6. Qd2 bxc6 7. Bd3 Ne7
8. O-O Ng6 9. Nc3 O-O 10. Kh1 Ne5 11. Be2 Qh4 12. Qf4 Qxf4 13. Bxf4 d6 14. Rad1
Re8 15. Bg3 Bb4 16. f3 Bxc3 17. bxc3 f5 18. f4 Nf7 19. e5 a5 20. Bf3 Bd7 21.
Rfe1 Rab8 22. c4 Rb4 23. c5 d5 24. Rb1 Nd8 25. Rxb4 axb4 26. Rb1 Ne6 27. Rxb4
Ra8 28. a4 Kf7 29. Bf2 Ra5 30. c4 d4 31. Bd5 cxd5 32. cxd5 Nxc5 33. e6+ Bxe6
34. dxe6+ Nxe6 35. Bxd4 Nxf4 36. Bb6 cxb6 37. Rxf4 Kg6 38. Rb4 Kg5 39. h4+ Kh5
40. Kh2 g6 41. Kh3 Re5 42. g3 Re3 43. Rxb6 f4 44. Rb5+ Kh6 45. Rg5 Ra3 46. Rg4
fxg3 47. Rxg3 Rxa4 48. Rg5 Ra3+ 49. Kh2 Rb3 50. Rc5 Ra3 1/2-1/2

[Event "GBR-ch89"]
[Site "Torquay"]
[Date "2002.08.02"]
[Round "5"]
[White "Dorrington, Christopher"]
[Black "Hanley, Craig A"]
[Result "1/2-1/2"]
[WhiteElo "2218"]
[BlackElo "2331"]
[PlyCount "103"]
[EventDate "2002.07.29"]
[EventType "swiss"]
[EventRounds "11"]
[EventCountry "GBR"]
[SourceTitle "BritBase"]
[Source "John Saunders"]
[SourceDate "2008.07.14"]
[SourceVersion "1"]
[SourceVersionDate "2008.07.14"]
[SourceQuality "2"]

1. e4 e6 2. d3 d5 3. Nd2 Nf6 4. Ngf3 b6 5. g3 Bb7 6. e5 Nfd7 7. Bg2 c5 8. O-O
Nc6 9. Re1 Qc7 10. Qe2 h6 11. c4 d4 12. h4 Be7 13. h5 O-O-O 14. a3 Rdg8 15. b4
g6 16. hxg6 Rxg6 17. Ne4 h5 18. Bf4 Rhg8 19. Nd6+ Bxd6 20. exd6 Qd8 21. b5 Na5
22. Ne5 Nxe5 23. Qxe5 h4 24. Bxb7+ Nxb7 25. Qe4 Qd7 26. a4 hxg3 27. Bxg3 Rxg3+
28. fxg3 Rxg3+ 29. Kf2 Rg5 30. a5 Qxd6 31. axb6 axb6 32. Qh4 Rf5+ 33. Ke2 Na5
34. Kd1 Rf3 35. Qe4 Qg3 36. Ra3 Rf2 37. Re2 Rf1+ 38. Re1 Qf3+ 39. Kc2 Qf2+ 40.
Re2 Qg1 41. Rxa5 Rc1+ 42. Kb2 Rb1+ 43. Ka2 Ra1+ 44. Kb3 bxa5 45. Qa8+ Kd7 46.
Qc6+ Kd8 47. Qa8+ Ke7 48. Qb7+ Kf6 49. Qf3+ Ke7 50. Qb7+ Kf8 51. Qa8+ Ke7 52.
Qb7+ 1/2-1/2

[Event "GBR-ch89"]
[Site "Torquay"]
[Date "2002.08.02"]
[Round "5"]
[White "Douglas, Timothy"]
[Black "Dhar Barua, Saheli"]
[Result "0-1"]
[WhiteElo "2174"]
[BlackElo "2221"]
[PlyCount "78"]
[EventDate "2002.07.29"]
[EventType "swiss"]
[EventRounds "11"]
[EventCountry "GBR"]
[SourceTitle "BritBase"]
[Source "John Saunders"]
[SourceDate "2008.07.14"]
[SourceVersion "1"]
[SourceVersionDate "2008.07.14"]
[SourceQuality "2"]

1. e4 e6 2. d4 d5 3. e5 c5 4. c3 Nc6 5. Nf3 Qb6 6. a3 a5 7. Bd3 Bd7 8. O-O h5
9. Re1 Nh6 10. Re2 Be7 11. Nbd2 cxd4 12. cxd4 Nf5 13. Bxf5 exf5 14. Nf1 a4 15.
h4 Na5 16. Bg5 Bxg5 17. hxg5 Nb3 18. Rb1 f4 19. e6 Bxe6 20. g6 O-O 21. Qd3 Qa6
22. gxf7+ Rxf7 23. Ne5 Qxd3 24. Nxd3 Bf5 25. Rd1 Bxd3 26. Rxd3 Nc1 27. Rdd2
Nxe2+ 28. Rxe2 Rc8 29. f3 Kf8 30. Kf2 Re7 31. Rd2 Rc1 32. Re2 Rxe2+ 33. Kxe2
Rc2+ 34. Nd2 Rxb2 35. Kd3 b5 36. Kc3 Ra2 37. Kd3 Rxa3+ 38. Ke2 Ra2 39. Kd3
Rxd2+ 0-1

[Event "GBR-ch89"]
[Site "Torquay"]
[Date "2002.08.02"]
[Round "5"]
[White "Eames, Robert S"]
[Black "Wu, Li"]
[Result "1/2-1/2"]
[WhiteElo "2310"]
[BlackElo "2142"]
[PlyCount "81"]
[EventDate "2002.07.29"]
[EventType "swiss"]
[EventRounds "11"]
[EventCountry "GBR"]
[SourceTitle "BritBase"]
[Source "John Saunders"]
[SourceDate "2008.07.14"]
[SourceVersion "1"]
[SourceVersionDate "2008.07.14"]
[SourceQuality "2"]

1. e4 c5 2. Nf3 d6 3. d4 cxd4 4. Nxd4 Nf6 5. Nc3 g6 6. Be3 Bg7 7. f3 O-O 8. Qd2
Nc6 9. Bc4 Bd7 10. O-O-O Ne5 11. Bb3 Qa5 12. h4 Rfc8 13. Kb1 Nc4 14. Bxc4 Rxc4
15. Nb3 Qc7 16. h5 a5 17. hxg6 hxg6 18. Bh6 Bh8 19. Bg5 Bg7 20. e5 Rxc3 21.
bxc3 Ne8 22. Bxe7 a4 23. Bxd6 Nxd6 24. Qxd6 Qxc3 25. Rd3 Qc4 26. Qxd7 axb3 27.
cxb3 Qa6 28. Rd2 Bxe5 29. Rc2 Kg7 30. f4 Bf6 31. g4 Rh8 32. Rxh8 Qf1+ 33. Rc1
Qg2 34. Rg8+ Kxg8 35. Qc8+ Kg7 36. Qc2 Qxg4 37. Qe4 Qg3 38. b4 Qf2 39. Rc2 Qf1+
40. Rc1 Qf2 41. Rc2 1/2-1/2

[Event "GBR-ch89"]
[Site "Torquay"]
[Date "2002.08.02"]
[Round "5"]
[White "Evans-Quek, Suan"]
[Black "Knott, Simon JB"]
[Result "1/2-1/2"]
[WhiteElo "2268"]
[BlackElo "2367"]
[PlyCount "95"]
[EventDate "2002.07.29"]
[EventType "swiss"]
[EventRounds "11"]
[EventCountry "GBR"]
[SourceTitle "BritBase"]
[Source "John Saunders"]
[SourceDate "2008.07.14"]
[SourceVersion "1"]
[SourceVersionDate "2008.07.14"]
[SourceQuality "2"]

1. g3 Nf6 2. Bg2 g6 3. e4 d6 4. d4 Bg7 5. Nc3 O-O 6. Nf3 e5 7. dxe5 dxe5 8.
Qxd8 Rxd8 9. Nxe5 Nxe4 10. Nxe4 Bxe5 11. O-O Nd7 12. Bg5 f6 13. Bc1 f5 14. Ng5
Nf8 15. Re1 Bf6 16. h4 c6 17. Bf1 Kg7 18. Bc4 Rd7 19. a4 h6 20. Nh3 Re7 21.
Rxe7+ Bxe7 22. Bd2 Bf6 23. Re1 Bd7 24. a5 Re8 25. Rxe8 Bxe8 26. b4 a6 27. Kf1
Bf7 28. Bd3 Nd7 29. h5 Ne5 30. hxg6 Bxg6 31. Be2 Bf7 32. Nf4 Nc4 33. Be1 Bd4
34. Bd3 Kf6 35. Ne2 Bb2 36. Bc3+ Bxc3 37. Nxc3 c5 38. bxc5 Nxa5 39. f4 Be6 40.
Kf2 Nc6 41. Ke3 Nb4 42. Ne2 Nc6 43. c3 Bd5 44. Nd4 Ne7 45. Kd2 Be4 46. Be2 Nc6
47. Kc1 Nb8 48. Kd2 1/2-1/2

[Event "GBR-ch89"]
[Site "Torquay"]
[Date "2002.08.02"]
[Round "5"]
[White "Gallagher, Joseph G"]
[Black "Ward, Christopher G"]
[Result "1/2-1/2"]
[WhiteElo "2517"]
[BlackElo "2498"]
[PlyCount "54"]
[EventDate "2002.07.29"]
[EventType "swiss"]
[EventRounds "11"]
[EventCountry "GBR"]
[SourceTitle "BritBase"]
[Source "John Saunders"]
[SourceDate "2008.07.14"]
[SourceVersion "1"]
[SourceVersionDate "2008.07.14"]
[SourceQuality "2"]

1. e4 c5 2. Nf3 g6 3. d4 cxd4 4. Nxd4 Nf6 5. Nc3 d6 6. Be3 Bg7 7. f3 Nc6 8. Qd2
O-O 9. Bc4 Bd7 10. O-O-O Rb8 11. Bb3 Ne5 12. f4 Neg4 13. Bg1 b5 14. h3 b4 15.
hxg4 bxc3 16. Qxc3 Rc8 17. Qg3 Bxg4 18. Re1 Qa5 19. c3 e5 20. fxe5 dxe5 21. Nf3
Rxc3+ 22. bxc3 Qxc3+ 23. Kb1 Rc8 24. Bxa7 Qd3+ 25. Kb2 Qc3+ 26. Kb1 Qd3+ 27.
Kb2 Qc3+ 1/2-1/2

[Event "GBR-ch89"]
[Site "Torquay"]
[Date "2002.08.02"]
[Round "5"]
[White "Grant, Jonathan"]
[Black "Burnett, James"]
[Result "1-0"]
[WhiteElo "2201"]
[BlackElo "2199"]
[PlyCount "45"]
[EventDate "2002.07.29"]
[EventType "swiss"]
[EventRounds "11"]
[EventCountry "GBR"]
[SourceTitle "BritBase"]
[Source "John Saunders"]
[SourceDate "2008.07.14"]
[SourceVersion "1"]
[SourceVersionDate "2008.07.14"]
[SourceQuality "2"]

1. c4 e6 2. Nc3 d5 3. d4 c6 4. e4 Bb4 5. Bd2 dxe4 6. Nxe4 Qxd4 7. Bxb4 Qxe4+ 8.
Be2 Nd7 9. Nf3 c5 10. Bc3 Ngf6 11. O-O Qc6 12. Nd2 O-O 13. Re1 Qc7 14. Bd3 b6
15. Ne4 Nxe4 16. Bxe4 Bb7 17. Bxh7+ Kxh7 18. Qh5+ Kg8 19. Bxg7 f6 20. Rxe6 Ne5
21. Qh8+ Kf7 22. Rxf6+ Ke7 23. Bxf8+ 1-0

[Event "GBR-ch89"]
[Site "Torquay"]
[Date "2002.08.02"]
[Round "5"]
[White "Haslinger, Stewart"]
[Black "Turner, Matthew J"]
[Result "1/2-1/2"]
[WhiteElo "2310"]
[BlackElo "2519"]
[PlyCount "25"]
[EventDate "2002.07.29"]
[EventType "swiss"]
[EventRounds "11"]
[EventCountry "GBR"]
[SourceTitle "BritBase"]
[Source "John Saunders"]
[SourceDate "2008.07.14"]
[SourceVersion "1"]
[SourceVersionDate "2008.07.14"]
[SourceQuality "2"]

1. e4 e6 2. d4 d5 3. e5 c5 4. c3 Nc6 5. Nf3 Qb6 6. a3 Nh6 7. b4 cxd4 8. cxd4
Nf5 9. Bb2 Be7 10. h4 Bd7 11. g4 Nh6 12. Rg1 Rc8 13. Nc3 1/2-1/2

[Event "GBR-ch89"]
[Site "Torquay"]
[Date "2002.08.02"]
[Round "5"]
[White "Hebden, Mark L"]
[Black "Simpson, James"]
[Result "1-0"]
[WhiteElo "2534"]
[BlackElo "2245"]
[PlyCount "45"]
[EventDate "2002.07.29"]
[EventType "swiss"]
[EventRounds "11"]
[EventCountry "GBR"]
[SourceTitle "BritBase"]
[Source "John Saunders"]
[SourceDate "2008.07.14"]
[SourceVersion "1"]
[SourceVersionDate "2008.07.14"]
[SourceQuality "2"]

1. d4 Nf6 2. Nf3 e6 3. c3 c5 4. Bg5 d5 5. Nbd2 Be7 6. e3 Nbd7 7. Bd3 b6 8. O-O
Bb7 9. Ne5 Nxe5 10. dxe5 Nd7 11. Bxe7 Qxe7 12. f4 O-O-O 13. Nf3 f6 14. Bb5 a6
15. Bxd7+ Rxd7 16. b4 d4 17. exd4 cxb4 18. Rb1 bxc3 19. Rxb6 Rc7 20. Qb3 Bxf3
21. gxf3 Rb7 22. Qxc3+ Kb8 23. Rfb1 1-0

[Event "GBR-ch89"]
[Site "Torquay"]
[Date "2002.08.02"]
[Round "5"]
[White "Koneru, Humpy"]
[Black "Harikrishna, Pentala"]
[Result "1/2-1/2"]
[WhiteElo "2473"]
[BlackElo "2568"]
[PlyCount "51"]
[EventDate "2002.07.29"]
[EventType "swiss"]
[EventRounds "11"]
[EventCountry "GBR"]
[SourceTitle "BritBase"]
[Source "John Saunders"]
[SourceDate "2008.07.14"]
[SourceVersion "1"]
[SourceVersionDate "2008.07.14"]
[SourceQuality "2"]

1. d4 Nf6 2. c4 c5 3. d5 b5 4. Nf3 g6 5. Qc2 bxc4 6. e4 d6 7. Bxc4 Bg7 8. O-O
O-O 9. Nc3 Nbd7 10. h3 Nb6 11. Bb5 a6 12. Bc6 Rb8 13. Bf4 Nfd7 14. Qe2 Qc7 15.
a4 e5 16. Bd2 Nf6 17. a5 Nbd7 18. Na4 Nh5 19. Rab1 Rb3 20. Qd1 Rd3 21. Qe2 Rb3
22. Qd1 Rd3 23. Qe2 Rb3 24. Bc3 Nf4 25. Qc2 c4 26. Nd2 1/2-1/2

[Event "GBR-ch89"]
[Site "Torquay"]
[Date "2002.08.02"]
[Round "5"]
[White "Lee, Graham D"]
[Black "Jones, Richard S"]
[Result "1-0"]
[WhiteElo "2361"]
[BlackElo "2234"]
[PlyCount "33"]
[EventDate "2002.07.29"]
[EventType "swiss"]
[EventRounds "11"]
[EventCountry "GBR"]
[SourceTitle "BritBase"]
[Source "John Saunders"]
[SourceDate "2008.07.14"]
[SourceVersion "1"]
[SourceVersionDate "2008.07.14"]
[SourceQuality "2"]

1. e4 g6 2. d4 Nf6 3. e5 Nh5 4. Nc3 d5 5. Be2 Nc6 6. h3 Ng7 7. Nf3 h5 8. Bf4
Bf5 9. Qd2 e6 10. O-O-O Nb4 11. Ne1 c5 12. dxc5 Bxc5 13. Bh6 Rh7 14. g4 hxg4
15. hxg4 d4 16. Bb5+ Nc6 17. gxf5 1-0

[Event "GBR-ch89"]
[Site "Torquay"]
[Date "2002.08.02"]
[Round "5"]
[White "Lyell, Mark"]
[Black "White, Ian G"]
[Result "1-0"]
[WhiteElo "2265"]
[BlackElo "2015"]
[PlyCount "65"]
[EventDate "2002.07.29"]
[EventType "swiss"]
[EventRounds "11"]
[EventCountry "GBR"]
[SourceTitle "BritBase"]
[Source "John Saunders"]
[SourceDate "2008.07.14"]
[SourceVersion "1"]
[SourceVersionDate "2008.07.14"]
[SourceQuality "2"]

1. e4 e6 2. d4 d5 3. e5 c5 4. c3 Qb6 5. Nf3 Bd7 6. a3 Bb5 7. c4 Bxc4 8. Bxc4
dxc4 9. Nbd2 Qa6 10. dxc5 Nd7 11. Qc2 Rc8 12. Qxc4 Qxc4 13. Nxc4 Rxc5 14. b3 b5
15. Ne3 Nxe5 16. Nxe5 Rxe5 17. Bb2 Rc5 18. a4 Nf6 19. Bd4 Rc7 20. axb5 Bc5 21.
b6 Bxd4 22. bxc7 Ke7 23. Ra4 Bb6 24. Nc4 Bc5 25. Ke2 Nd5 26. Ra5 Bd4 27. Rd1
Nc3+ 28. Kd3 Nxd1 29. Kxd4 Kd7 30. Rxa7 Kc6 31. b4 e5+ 32. Kxe5 Nc3 33. Na5+
1-0

[Event "GBR-ch89"]
[Site "Torquay"]
[Date "2002.08.02"]
[Round "5"]
[White "Meenakshi, Subbaraman"]
[Black "Nixon, Thomas"]
[Result "1-0"]
[WhiteElo "2266"]
[BlackElo "2187"]
[PlyCount "67"]
[EventDate "2002.07.29"]
[EventType "swiss"]
[EventRounds "11"]
[EventCountry "GBR"]
[SourceTitle "BritBase"]
[Source "John Saunders"]
[SourceDate "2008.07.14"]
[SourceVersion "1"]
[SourceVersionDate "2008.07.14"]
[SourceQuality "2"]

1. d4 Nf6 2. c4 e6 3. Nc3 d5 4. cxd5 exd5 5. Bg5 Be7 6. e3 Nbd7 7. Bd3 O-O 8.
Qc2 c6 9. Nge2 Re8 10. O-O Nf8 11. f3 h6 12. Bh4 Ne6 13. Rad1 b6 14. Kh1 Nh5
15. Bf2 Bd6 16. e4 Nhf4 17. e5 Nxd3 18. Qxd3 Bf8 19. f4 f5 20. Rg1 g6 21. Rc1
h5 22. Nd1 Bb7 23. Ne3 Ng7 24. h3 h4 25. g4 hxg3 26. Rxg3 Kf7 27. Rcg1 Re6 28.
Nxf5 Nxf5 29. Rxg6 Ne7 30. Rxe6 Kxe6 31. f5+ Kd7 32. e6+ Kc7 33. f6 Nc8 34.
Qh7+ 1-0